[Event "Heusenstamm Schloss op"]
[Site "Heusenstamm"]
[Date "2023.11.25"]
[Round "4"]
[White "Burkhardt, Holger"]
[Black "Burkhardt, Jan"]
[Result "0-1"]
[WhiteElo "2034"]
[BlackElo "1688"]
[PlyCount "96"]
[EventDate "2023.11.23"]
[EventType "swiss"]
[EventRounds "7"]
[EventCountry "GER"]
[SourceTitle "CB50_2023"]
[SourceDate "2023.12.13"]
[SourceVersion "1"]
[SourceVersionDate "2023.12.13"]
[SourceQuality "1"]

1. e4 e5 2. Nf3 Nc6 3. Nc3 Nf6 4. Bb5 a6 5. Bxc6 dxc6 6. Nxe5 Nxe4 7. Nxe4 Qd4 8. 0-0 Qxe5 9. d4 Qf5 10. Re1 Be6 11. c3 Be7 12. Ng3 Qg6 13. Ne2 Bd6 14. Bf4 0-0-0 15. Bxd6 Rxd6 16. Nf4 Qf6 17. Nd3 Qg5 18. Re3 h5 19. Qf3 h4 20. h3 Bd5 21. Qg4+ Qxg4 22. hxg4 Re6 23. Rxe6 Bxe6 24. f3 b6 25. Kf2 f6 26. b3 Kd7 27. Rh1 g5 28. Ke3 Re8 29. Kd2 a5 30. c4 a4 31. Kc3 axb3 32. axb3 Bf7 33. Re1 Rxe1 34. Nxe1 Bg6 35. Nd3 Kd6 36. Kd2 c5 37. dxc5+ bxc5 38. b4 Bxd3 39. bxc5+ Ke5 40. Kxd3 Kf4 41. Ke2 Kg3 42. Kf1 h3 43. gxh3 Kxf3 44. c6 Kg3 45. Ke2 Kxh3 46. Kf3 Kh4 47. c5 Kh3 48. Ke4 Kxg4 0-1

[Event "Heusenstamm Schloss op"]
[Site "Heusenstamm"]
[Date "2023.11.25"]
[Round "5"]
[White "Gajcin, Jasmina"]
[Black "Burkhardt, Holger"]
[Result "0-1"]
[WhiteElo "1857"]
[BlackElo "2034"]
[PlyCount "70"]
[EventDate "2023.11.23"]
[EventType "swiss"]
[EventRounds "7"]
[EventCountry "GER"]
[SourceTitle "CB50_2023"]
[SourceDate "2023.12.13"]
[SourceVersion "1"]
[SourceVersionDate "2023.12.13"]
[SourceQuality "1"]

1. e4 e5 2. Nf3 Nc6 3. Bc4 Nf6 4. d3 h6 5. c3 d6 6. h3 g5 7. Nh2 Bg7 8. 0-0 0-0 9. Bb3 d5 10. Qf3 d4 11. Nd2 a5 12. Ba4 Ne7 13. Nc4 Ng6 14. Qe2 c6 15. cxd4 exd4 16. Bc2 b5 17. Nd2 Nf4 18. Qd1 c5 19. a4 bxa4 20. Nc4 N6h5 21. Kh1 f5 22. exf5 Bb7 23. Nf3 Nxh3 24. Nxg5 Bxg2+ 25. Kxg2 N3f4+ 26. Kh1 Qxg5 27. Qf3 Qh4+ 28. Kg1 Rae8 29. Bxf4 Nxf4 30. Rfe1 Kh7 31. Re4 Rxe4 32. Qxe4 Bf6 33. Kf1 Re8 34. Qf3 Qh2 35. Nd6 Rg8 0-1

[Event "Heusenstamm Schloss op"]
[Site "Heusenstamm"]
[Date "2023.11.24"]
[Round "3"]
[White "Vranckx, Oscar"]
[Black "Burkhardt, Holger"]
[Result "0-1"]
[WhiteElo "1643"]
[BlackElo "2034"]
[PlyCount "26"]
[EventDate "2023.11.23"]
[EventType "swiss"]
[EventRounds "7"]
[EventCountry "GER"]
[SourceTitle "CB50_2023"]
[SourceDate "2023.12.13"]
[SourceVersion "1"]
[SourceVersionDate "2023.12.13"]
[SourceQuality "1"]

1. e4 e5 2. Nf3 Nc6 3. Bc4 Nf6 4. d3 h6 5. 0-0 d6 6. c3 g5 7. Bxg5 hxg5 8. Nxg5 d5 9. exd5 Nxd5 10. Nd2 Qxg5 11. Bxd5 Qh6 12. h3 Bxh3 13. gxh3 Qxh3 0-1

[Event "GER-ch Rapid Amateurs"]
[Site "Dinkelsbuehl"]
[Date "2023.11.12"]
[Round "7"]
[White "Burkhardt, Holger"]
[Black "Sattler, Stefan"]
[Result "1-0"]
[WhiteElo "2034"]
[BlackElo "2075"]
[PlyCount "43"]
[EventDate "2023.11.11"]
[EventType "swiss (rapid)"]
[EventRounds "9"]
[EventCountry "GER"]
[SourceTitle "CB47_2023"]
[SourceDate "2023.11.22"]
[SourceVersion "1"]
[SourceVersionDate "2023.11.22"]
[SourceQuality "1"]

1. e4 e6 2. Qe2 Be7 3. Nf3 d5 4. d3 Nf6 5. g3 c5 6. Bg2 Nc6 7. 0-0 h6 8. Re1 dxe4 9. dxe4 e5 10. c3 Be6 11. Na3 Qc7 12. Nc4 Rd8 13. a4 b6 14. Nh4 g6 15. f4 exf4 16. gxf4 Bc8 17. f5 g5 18. e5 Nxe5 19. Nxe5 gxh4 20. Bc6+ Kf8 21. Bf4 Bd6 22. Qe3 1-0

[Event "Werther Schloss op 26th"]
[Site "Werther"]
[Date "2023.03.31"]
[Round "2"]
[White "Langheinrich, Ferenc"]
[Black "Burkhardt, Holger"]
[Result "0-1"]
[WhiteElo "2384"]
[BlackElo "1999"]
[PlyCount "114"]
[EventDate "2023.03.30"]
[EventType "swiss"]
[EventRounds "7"]
[EventCountry "GER"]
[SourceTitle "CBM 213 Extra"]
[Source "ChessBase"]
[SourceDate "2023.05.31"]
[SourceVersion "1"]
[SourceVersionDate "2023.05.31"]
[SourceQuality "1"]

1. e4 e5 2. Nf3 Nc6 3. Bb5 Nd4 4. Nxd4 exd4 5. 0-0 g6 6. d3 Bg7 7. f4 c6 8. Bc4 d5 9. exd5 cxd5 10. Bb5+ Kf8 11. Ba4 h5 12. Re1 Be6 13. Rxe6 fxe6 14. Nd2 a6 15. Nf3 b5 16. Bb3 a5 17. a4 b4 18. Qf1 Nh6 19. Bd2 Nf5 20. Re1 Ra6 21. Qf2 Bf6 22. g3 Kg7 23. h3 Rc6 24. Kg2 Qb6 25. Re2 Rhc8 26. g4 Ne3+ 27. Bxe3 dxe3 28. Rxe3 hxg4 29. hxg4 Bd4 30. Qh4 Bxe3 31. Ne5 Rxc2+ 32. Bxc2 Rxc2+ 33. Kh3 Rh2+ 34. Kxh2 Bxf4+ 35. Kg2 Bxe5 36. Qe7+ Kg8 37. Qg5 Bg7 38. Qxg6 Qe3 39. g5 Qe2+ 40. Kg3 Qe3+ 41. Kg2 Kf8 42. b3 Qe5 43. Qh5 Qf5 44. Qh4 Qxd3 45. Qf2+ Kg8 46. Qb6 Qe4+ 47. Kh3 Qf5+ 48. Kh4 d4 49. Qc6 Kh7 50. Qe8 Qg6 51. Qd7 d3 52. Kg4 Qe4+ 53. Kh5 Qe2+ 54. Kh4 d2 55. Qf7 d1Q 56. g6+ Kh6 57. Qf3 Qd4+ 0-1

[Event "Verden op-A"]
[Site "Verden"]
[Date "2023.01.07"]
[Round "5"]
[White "Nechitailo, Nikita"]
[Black "Burkhardt, Holger"]
[Result "1-0"]
[WhiteElo "1834"]
[BlackElo "1988"]
[PlyCount "87"]
[EventDate "2023.01.05"]
[EventType "swiss"]
[EventRounds "7"]
[EventCountry "GER"]
[SourceTitle "CBM 212 Extra"]
[Source "ChessBase"]
[SourceDate "2023.03.31"]
[SourceVersion "1"]
[SourceVersionDate "2023.03.31"]
[SourceQuality "1"]

1. e4 d6 2. d4 Nf6 3. f3 Nbd7 4. c4 e5 5. d5 Be7 6. Be3 h5 7. Nc3 Nh7 8. Nge2 h4 9. g3 Ng5 10. f4 Nf3+ 11. Kf2 Nd4 12. Nxd4 hxg3+ 13. Kxg3 exd4 14. Bxd4 Bf6 15. Bxf6 Qxf6 16. Qg4 Rh6 17. Kf2 Rh4 18. Qg3 Rxf4+ 19. Ke3 g5 20. Be2 Ne5 21. h3 Qh6 22. Rag1 f6 23. h4 Rxh4 24. Rxh4 gxh4+ 25. Qf4 Qxf4+ 26. Kxf4 h3 27. Nb5 Kf8 28. Nxc7 Rb8 29. Nb5 Nf7 30. Bg4 a6 31. Nd4 Ng5 32. Nf3 Kf7 33. Bh5+ Ke7 34. Nxg5 fxg5+ 35. Rxg5 h2 36. Bf3 b5 37. c5 dxc5 38. e5 Kf7 39. Rh5 Bb7 40. Rxh2 Rf8 41. Be4 Ke7+ 42. Ke3 Bc8 43. Rh7+ Kd8 44. e6 1-0

[Event "Verden op-A"]
[Site "Verden"]
[Date "2023.01.05"]
[Round "2"]
[White "Burkhardt, Holger"]
[Black "Lehmkuhl, Stefan"]
[Result "1/2-1/2"]
[WhiteElo "1988"]
[BlackElo "1803"]
[PlyCount "30"]
[EventDate "2023.01.05"]
[EventType "swiss"]
[EventRounds "7"]
[EventCountry "GER"]
[SourceTitle "CBM 212 Extra"]
[Source "ChessBase"]
[SourceDate "2023.03.31"]
[SourceVersion "1"]
[SourceVersionDate "2023.03.31"]
[SourceQuality "1"]

1. e4 d5 2. exd5 Qxd5 3. Nc3 Qa5 4. g3 c6 5. Bg2 Nf6 6. Nge2 e5 7. 0-0 Bd6 8. a3 0-0 9. d3 Nbd7 10. Rb1 Re8 11. b4 Qc7 12. b5 Nb6 13. a4 Bd7 14. Bd2 Nbd5 15. Qc1 Rac8 1/2-1/2

[Event "Heusenstamm Schloss op"]
[Site "Heusenstamm"]
[Date "2022.11.20"]
[Round "7"]
[White "Burkhardt, Holger"]
[Black "Perske, Paul"]
[Result "1/2-1/2"]
[WhiteElo "1979"]
[BlackElo "2043"]
[PlyCount "58"]
[EventDate "2022.11.17"]
[EventType "swiss"]
[EventRounds "7"]
[EventCountry "GER"]
[SourceTitle "CBM 212 Extra"]
[Source "ChessBase"]
[SourceDate "2023.03.31"]
[SourceVersion "1"]
[SourceVersionDate "2023.03.31"]
[SourceQuality "1"]

1. e4 e5 2. Nf3 Nc6 3. Nc3 Nf6 4. Bb5 Bc5 5. 0-0 d6 6. d4 exd4 7. Nxd4 Bd7 8. Nf5 0-0 9. Bg5 Be6 10. Nd5 Bxd5 11. exd5 Ne5 12. c3 h6 13. Bh4 Ng6 14. Bg3 Ne4 15. Qg4 Nxg3 16. hxg3 Qf6 17. Rae1 a6 18. Ba4 Ne5 19. Qh3 b5 20. Bc2 Rfe8 21. Re4 Kf8 22. Rfe1 Ng6 23. Rxe8+ Rxe8 24. Rxe8+ Kxe8 25. Nxg7+ Qxg7 26. Qc8+ Ke7 27. Qxc7+ Ke8 28. Qc8+ Ke7 29. Qc7+ Ke8 1/2-1/2

[Event "Heusenstamm Schloss op"]
[Site "Heusenstamm"]
[Date "2022.11.18"]
[Round "2"]
[White "Trenz, Finn"]
[Black "Burkhardt, Holger"]
[Result "0-1"]
[WhiteElo "1678"]
[BlackElo "1979"]
[PlyCount "62"]
[EventDate "2022.11.17"]
[EventType "swiss"]
[EventRounds "7"]
[EventCountry "GER"]
[SourceTitle "CBM 212 Extra"]
[Source "ChessBase"]
[SourceDate "2023.03.31"]
[SourceVersion "1"]
[SourceVersionDate "2023.03.31"]
[SourceQuality "1"]

1. e4 e5 2. Nf3 Nc6 3. Bc4 Nf6 4. d3 d5 5. exd5 Nxd5 6. 0-0 Bc5 7. Re1 0-0 8. c3 Nb6 9. Bg5 Qd7 10. b4 Nxc4 11. dxc4 Qxd1 12. Rxd1 f6 13. Bh4 Be7 14. Na3 g5 15. Bg3 Be6 16. Re1 Kf7 17. Re2 a5 18. Nd2 axb4 19. Nb5 bxc3 20. Nxc3 Nd4 21. Re4 Bf5 22. Bxe5 fxe5 23. Rxe5 Bf6 24. Rd5 c6 25. Rd6 Ne2+ 26. Nxe2 Bxa1 27. Nd4 Bxd4 28. Rxd4 Rad8 29. Nf3 Rxd4 30. Nxd4 Rd8 31. Nxf5 Rd1# 0-1

[Event "Heusenstamm Schloss op"]
[Site "Heusenstamm"]
[Date "2022.11.17"]
[Round "1"]
[White "Burkhardt, Holger"]
[Black "Kramer, Julian"]
[Result "0-1"]
[WhiteElo "1979"]
[BlackElo "2461"]
[PlyCount "74"]
[EventDate "2022.11.17"]
[EventType "swiss"]
[EventRounds "7"]
[EventCountry "GER"]
[SourceTitle "CBM 212 Extra"]
[Source "ChessBase"]
[SourceDate "2023.03.31"]
[SourceVersion "1"]
[SourceVersionDate "2023.03.31"]
[SourceQuality "1"]

1. e4 c5 2. d4 cxd4 3. Qxd4 Nc6 4. Qe3 g6 5. Nc3 Bg7 6. Bd2 d6 7. 0-0-0 Nf6 8. f3 h5 9. Nge2 Bd7 10. Nf4 Rc8 11. Kb1 a6 12. Nfd5 e6 13. Nf4 Qc7 14. Rc1 b5 15. Nd1 Ne5 16. Qa3 Nc6 17. Qe3 0-0 18. h4 d5 19. g4 dxe4 20. g5 Nd5 21. Qxe4 Nxf4 22. Bxf4 e5 23. Bg3 Bf5 24. Qe1 Nd4 25. Ne3 Nxf3 26. Qf2 Be4 27. Bg2 Qb7 28. Rhf1 Nd4 29. Bh3 Rc7 30. Ka1 b4 31. Qh2 Rc5 32. b3 Rc3 33. Bxe5 Bxe5 34. Qxe5 Rxe3 35. Qxd4 Rxh3 36. Rf4 Bf5 37. Rxf5 gxf5 0-1

[Event "Rhein Main op-A 24th"]
[Site "Bad Homburg"]
[Date "2022.06.18"]
[Round "5"]
[White "Burkhardt, Holger"]
[Black "Browning, Alex"]
[Result "0-1"]
[WhiteElo "2005"]
[BlackElo "2299"]
[PlyCount "152"]
[EventDate "2022.06.15"]
[EventType "swiss"]
[EventRounds "7"]
[EventCountry "GER"]
[SourceTitle "EXT 2023"]
[Source "ChessBase"]
[SourceDate "2022.10.05"]
[SourceVersion "1"]
[SourceVersionDate "2022.10.05"]
[SourceQuality "1"]

1. e4 c5 2. Nc3 a6 3. d4 cxd4 4. Qxd4 Nc6 5. Qe3 Nf6 6. Nf3 e6 7. e5 Ng4 8. Qe4 f5 9. exf6 Nxf6 10. Qe2 d5 11. g3 Bc5 12. Bh3 0-0 13. 0-0 Qe8 14. Bf4 Qh5 15. Ng5 Qxe2 16. Nxe2 Re8 17. Bg2 h6 18. Nf3 e5 19. Bd2 e4 20. Ne1 Bg4 21. Nc1 d4 22. Nb3 Bb6 23. f3 exf3 24. Bxf3 Bh3 25. Rf2 d3 26. Nxd3 Bxf2+ 27. Nxf2 Bf5 28. Na5 Rad8 29. Bc3 Nxa5 30. Bxa5 Rd7 31. c4 Kf7 32. Rc1 Ne4 33. Nxe4 Bxe4 34. Bh5+ g6 35. Bg4 Bf5 36. Bf3 Rde7 37. Bb4 Rd7 38. c5 Be4 39. Bg4 Rd5 40. Be2 Rde5 41. Bd2 h5 42. Bf4 Rf5 43. h4 Kg7 44. b4 Bc6 45. Bc4 Bb5 46. Bb3 Re4 47. Bd6 Re2 48. Bf4 Bc6 49. Rc2 Re4 50. Rc4 Rxc4 51. Bxc4 Bd5 52. Bd3 Rf8 53. a3 Re8 54. Kf2 Be4 55. Bc4 Bc6 56. Be2 Kf6 57. Bd3 Bb5 58. Bg5+ Kf7 59. Bb1 Re2+ 60. Kf3 Rb2 61. Be4 Bc6 62. Bxc6 bxc6 63. Bd8 Rb3+ 64. Kf4 Ke6 65. Bc7 Rxa3 66. g4 hxg4 67. Kxg4 Rb3 68. Ba5 Rb1 69. Kf4 Rc1 70. Kg4 Rc4+ 71. Kg5 Kf7 72. h5 gxh5 73. Kxh5 Kf6 74. Bd8+ Kf5 75. Ba5 Rg4 76. Kh6 Ke4 0-1

[Event "Rhein Main op-A 24th"]
[Site "Bad Homburg"]
[Date "2022.06.18"]
[Round "6"]
[White "Schroeder, Juergen"]
[Black "Burkhardt, Holger"]
[Result "1/2-1/2"]
[WhiteElo "2051"]
[BlackElo "2005"]
[PlyCount "51"]
[EventDate "2022.06.15"]
[EventType "swiss"]
[EventRounds "7"]
[EventCountry "GER"]
[SourceTitle "EXT 2023"]
[Source "ChessBase"]
[SourceDate "2022.10.05"]
[SourceVersion "1"]
[SourceVersionDate "2022.10.05"]
[SourceQuality "1"]

1. e4 d6 2. d4 Nf6 3. Nc3 e5 4. Nf3 exd4 5. Nxd4 Be7 6. Be2 0-0 7. 0-0 Re8 8. f4 c5 9. Nb3 Nc6 10. Bf3 Bf8 11. Be3 a5 12. a4 Nb4 13. Bf2 Be6 14. Nc1 d5 15. exd5 Nbxd5 16. Nxd5 Bxd5 17. Nd3 Qc7 18. Bxd5 Nxd5 19. Qf3 Nb4 20. Rad1 Rad8 21. Nxb4 cxb4 22. c3 bxc3 23. bxc3 Bd6 24. g3 Bc5 25. Kg2 Bxf2 26. Rxf2 1/2-1/2

[Event "Heusenstamm Sparkassen op-A 7th"]
[Site "Heusenstamm"]
[Date "2021.11.20"]
[Round "5.15"]
[White "Neukirchner, Pascal"]
[Black "Burkhardt, Holger"]
[Result "1-0"]
[WhiteElo "2230"]
[BlackElo "1987"]
[PlyCount "25"]
[EventDate "2021.11.18"]
[EventType "swiss"]
[EventRounds "7"]
[EventCountry "GER"]
[SourceTitle "EXT 2023"]
[Source "ChessBase"]
[SourceDate "2022.10.05"]
[SourceVersion "1"]
[SourceVersionDate "2022.10.05"]
[SourceQuality "1"]

1. d4 d6 2. e4 Nf6 3. Nc3 e5 4. Nf3 exd4 5. Nxd4 Be7 6. g3 0-0 7. Bg2 c6 8. 0-0 Re8 9. h3 Bf8 10. Re1 a5 11. g4 a4 12. a3 Nbd7 13. g5 1-0

[Event "Checkmate Covid Rematch"]
[Site "Chess.com INT"]
[Date "2021.06.05"]
[Round "?"]
[White "Burkhardt, Holger"]
[Black "Badacsonyi, Frankie"]
[Result "1-0"]
[WhiteElo "1987"]
[BlackElo "1511"]
[PlyCount "39"]
[EventDate "2021.06.05"]
[EventType "swiss (blitz)"]
[EventRounds "20"]
[EventCountry "ENG"]
[SourceTitle "CBM 202 Extra"]
[Source "ChessBase"]
[SourceDate "2021.07.31"]
[SourceVersion "1"]
[SourceVersionDate "2021.07.31"]
[SourceQuality "1"]

1. e4 e6 2. d4 d5 3. exd5 exd5 4. Nf3 Nf6 5. Bd3 Bd6 6. Qe2+ Qe7 7. Be3 Bg4 8. Nc3 c6 9. 0-0-0 Nbd7 10. h3 Bh5 11. g4 Bg6 12. Rhe1 0-0-0 13. Qd2 Qf8 14. Bf4 Bxd3 15. cxd3 Kb8 16. Ne5 Bc7 17. Kb1 c5 18. Nb5 Rc8 19. Nxd7+ Nxd7 20. Qa5 1-0

[Event "Hessenliga 1921"]
[Site "Hessen"]
[Date "2019.10.27"]
[Round "2.8"]
[White "Seidel, Juergen"]
[Black "Burkhardt, Holger"]
[Result "1/2-1/2"]
[WhiteElo "2057"]
[BlackElo "2036"]
[PlyCount "164"]
[EventDate "2019.09.22"]
[EventType "team-tourn"]
[EventRounds "9"]
[EventCountry "GER"]
[SourceTitle "EXT 2024"]
[Source "ChessBase"]
[SourceDate "2023.10.10"]
[SourceVersion "1"]
[SourceVersionDate "2023.10.10"]
[SourceQuality "1"]
[WhiteTeam "Hofheim II"]
[BlackTeam "Giessen"]
[WhiteTeamCountry "GER"]
[BlackTeamCountry "GER"]

1. d4 d6 2. c4 e5 3. Nc3 Nd7 4. e4 Ngf6 5. Nf3 Be7 6. Be2 0-0 7. 0-0 c6 8. Be3 Ng4 9. Bd2 a6 10. Rb1 b5 11. b4 bxc4 12. Bxc4 exd4 13. Nxd4 Nde5 14. Be2 Qb6 15. Nc2 Re8 16. h3 Nf6 17. Be3 Qc7 18. f4 Ned7 19. a4 Bf8 20. Bf3 Bb7 21. Qd3 a5 22. Rfe1 axb4 23. Nxb4 Nc5 24. Qe2 Ra5 25. Nd3 Nfd7 26. Nb2 d5 27. exd5 cxd5 28. Bxd5 Bxd5 29. Nxd5 Qc6 30. Nb4 Qc8 31. Ra1 Nf6 32. N4d3 Nxd3 33. Qxd3 Rd5 34. Qf1 Rxe3 35. Rxe3 Bc5 36. Qf3 Qb8 37. Rc1 h5 38. Rxc5 Rxc5 39. Rb3 Rc1+ 40. Kh2 Qc7 41. Nd3 Ra1 42. Rb7 Qd6 43. Ne5 Qd4 44. Rb8+ Kh7 45. Qd3+ Qxd3 46. Nxd3 Rxa4 47. Rb7 Rd4 48. Ne5 Rxf4 49. Nxf7 Rf5 50. h4 Rd5 51. Ng5+ Kg6 52. Ne6 Ng4+ 53. Kg3 Kf6 54. Nf4 Ra5 55. Nxh5+ Rxh5 56. Kxg4 Ra5 57. Rb6+ Kf7 58. h5 Kg8 59. Kh4 Kh7 60. Rg6 Rb5 61. Rg5 Rb6 62. Ra5 Rc6 63. g4 Rb6 64. Kg5 Rc6 65. Rf5 Ra6 66. Re5 Rf6 67. Kh4 Ra6 68. Kg3 Kh6 69. Kh4 Kh7 70. g5 Ra4+ 71. Kg3 Ra3+ 72. Kf4 Rh3 73. Kg4 Rh1 74. Re4 Rg1+ 75. Kf5 Rf1+ 76. Rf4 Rh1 77. g6+ Kh6 78. Ke6 Rxh5 79. Kf7 Rh1 80. Rf2 Rh3 81. Rf1 Rh2 82. Rf3 Rh1 1/2-1/2

[Event "Langenhagen Summer op 1st"]
[Site "Langenhagen"]
[Date "2019.07.06"]
[Round "6"]
[White "Stabolewski, Andreas"]
[Black "Burkhardt, Holger"]
[Result "0-1"]
[WhiteElo "2121"]
[BlackElo "2015"]
[PlyCount "79"]
[EventDate "2019.07.04"]
[EventType "swiss"]
[EventRounds "7"]
[EventCountry "GER"]
[SourceTitle "EXT 2020"]
[Source "ChessBase"]
[SourceDate "2019.10.17"]
[SourceVersion "1"]
[SourceVersionDate "2019.10.17"]
[SourceQuality "1"]

1. c4 e5 2. g3 d6 3. Bg2 Be7 4. Nc3 f5 5. e3 Nf6 6. d4 0-0 7. Nge2 c6 8. 0-0 Na6 9. Rb1 Nc7 10. b4 Be6 11. c5 e4 12. cxd6 Bxd6 13. b5 cxb5 14. Nxb5 Nxb5 15. Rxb5 Qd7 16. Rb2 b5 17. f3 Rfc8 18. d5 Bxd5 19. fxe4 Bxe4 20. Qb3+ Qf7 21. Qxf7+ Kxf7 22. Bxe4 fxe4 23. Rxb5 Rab8 24. a4 Rxb5 25. axb5 Rc2 26. Nd4 Ra2 27. Rf2 Rxf2 28. Kxf2 Bc5 29. Bb2 Ng4+ 30. Ke2 Nxh2 31. Nf5 Ke6 32. Nxg7+ Kd5 33. Nh5 Ng4 34. Nf6+ Nxf6 35. Bxf6 Kc4 36. g4 Kxb5 37. Bc3 a5 38. Bd2 Bb4 39. Bc1 Bc3 40. Kd1 0-1

[Event "Langenhagen Summer op 1st"]
[Site "Langenhagen"]
[Date "2019.07.04"]
[Round "2"]
[White "Stelmaszyk, Nico"]
[Black "Burkhardt, Holger"]
[Result "1/2-1/2"]
[WhiteElo "2211"]
[BlackElo "2015"]
[PlyCount "92"]
[EventDate "2019.07.04"]
[EventType "swiss"]
[EventRounds "7"]
[EventCountry "GER"]
[SourceTitle "EXT 2020"]
[Source "ChessBase"]
[SourceDate "2019.10.17"]
[SourceVersion "1"]
[SourceVersionDate "2019.10.17"]
[SourceQuality "1"]

1. e4 d6 2. d4 Nf6 3. Nc3 e5 4. Nf3 exd4 5. Nxd4 Be7 6. Bf4 0-0 7. Qd2 Nc6 8. 0-0-0 Nxd4 9. Qxd4 Be6 10. f3 a6 11. g4 b5 12. h4 c5 13. Qd2 b4 14. Nd5 Nxd5 15. exd5 Bd7 16. Bd3 Bb5 17. g5 c4 18. Bf5 Bd7 19. Bxd7 c3 20. bxc3 bxc3 21. Qxc3 Qxd7 22. Rd3 Qa4 23. Bd2 Rfc8 24. Qb3 Qd7 25. Re1 a5 26. Re4 Bf8 27. Qa4 Qh3 28. Bc3 Rc7 29. Qb3 Rac8 30. Bxa5 Qh1+ 31. Be1 g6 32. c4 Bg7 33. Rde3 Be5 34. Kc2 Qg2+ 35. Kd1 Qf1 36. Re2 Kg7 37. Rc2 Bg3 38. Qc3+ Be5 39. Rxe5 dxe5 40. Qxe5+ Kg8 41. d6 Rxc4 42. Qe2 Rd4+ 43. Kc1 Qxe2 44. Rxc8+ Kg7 45. Bc3 Qd1+ 46. Kb2 Qe2+ 1/2-1/2

[Event "Hessen-chA"]
[Site "Frankfurt"]
[Date "2019.06.01"]
[Round "5"]
[White "Burkhardt, Holger"]
[Black "Henrich, David"]
[Result "0-1"]
[WhiteElo "2042"]
[BlackElo "2115"]
[PlyCount "74"]
[EventDate "2019.05.30"]
[EventType "swiss"]
[EventRounds "7"]
[EventCountry "GER"]
[SourceTitle "EXT 2020"]
[Source "ChessBase"]
[SourceDate "2019.10.17"]
[SourceVersion "1"]
[SourceVersionDate "2019.10.17"]
[SourceQuality "1"]

1. d4 d6 2. Nc3 Nd7 3. e4 Ngf6 4. g4 h6 5. h3 e5 6. Be3 c6 7. a4 a5 8. Bg2 Be7 9. Nge2 0-0 10. 0-0 Re8 11. Qd2 Bf8 12. f4 exd4 13. Bxd4 Nc5 14. Ng3 Nfd7 15. Rad1 Qc7 16. b3 b6 17. Bf3 Ba6 18. Rf2 Rad8 19. h4 Ne5 20. Be2 Bxe2 21. Qxe2 Ned7 22. g5 hxg5 23. hxg5 Ne6 24. Qh5 Nxd4 25. Rxd4 g6 26. Qh4 Bg7 27. Nce2 d5 28. Rh2 dxe4 29. Rxe4 Qd6 30. f5 Rxe4 31. Nxe4 Qd1+ 32. Kf2 Bd4+ 33. Nxd4 Qxd4+ 34. Kf3 Qd1+ 35. Ke3 Qc1+ 36. Kf3 Ne5+ 37. Kg3 Qe3+ 0-1

[Event "Niedersachsen-ch op A"]
[Site "Verden"]
[Date "2019.01.06"]
[Round "7"]
[White "Arndt, Felix"]
[Black "Burkhardt, Holger"]
[Result "1/2-1/2"]
[WhiteElo "1754"]
[BlackElo "2033"]
[PlyCount "75"]
[EventDate "2019.01.03"]
[EventType "swiss"]
[EventRounds "7"]
[EventCountry "GER"]
[SourceTitle "EXT 2022"]
[Source "ChessBase"]
[SourceDate "2021.10.06"]
[SourceVersion "1"]
[SourceVersionDate "2021.10.06"]
[SourceQuality "1"]

1. d4 d6 2. e4 Nf6 3. Nc3 e5 4. dxe5 dxe5 5. Qxd8+ Kxd8 6. Bg5 Be6 7. Nf3 Nbd7 8. 0-0-0 Kc8 9. Bb5 c6 10. Ba4 Ng4 11. Rd2 f6 12. Bh4 Bb4 13. h3 Nh6 14. Bb3 Bxb3 15. axb3 Nc5 16. Re2 Ne6 17. Bg3 Nf7 18. Na2 Be7 19. c3 a5 20. Kc2 Nd6 21. Nd2 Kc7 22. Nc1 Nb5 23. Ree1 Rhd8 24. Nd3 g5 25. h4 h6 26. hxg5 hxg5 27. Rh7 Rd7 28. Nc4 Nf4 29. Bxf4 exf4 30. e5 Rad8 31. e6 Rxd3 32. Rxe7+ Kb8 33. Rxb7+ Kxb7 34. e7 Nc7 35. Nxa5+ Kb6 36. Nc4+ Kc5 37. exd8Q Rxd8 38. Nd2 1/2-1/2

[Event "Niedersachsen-ch op A"]
[Site "Verden"]
[Date "2019.01.04"]
[Round "4"]
[White "Burkhardt, Holger"]
[Black "Poelig, Juergen"]
[Result "1-0"]
[WhiteElo "2033"]
[BlackElo "1844"]
[PlyCount "77"]
[EventDate "2019.01.03"]
[EventType "swiss"]
[EventRounds "7"]
[EventCountry "GER"]
[SourceTitle "EXT 2022"]
[Source "ChessBase"]
[SourceDate "2021.10.06"]
[SourceVersion "1"]
[SourceVersionDate "2021.10.06"]
[SourceQuality "1"]

1. d4 e6 2. e4 d5 3. Nc3 Bb4 4. exd5 exd5 5. Qf3 Ne7 6. a3 Ba5 7. Bd3 Nbc6 8. Nge2 Be6 9. Be3 Qd7 10. 0-0 0-0-0 11. Rab1 Nf5 12. b4 Bb6 13. Na4 Nxe3 14. Qxe3 Rde8 15. c3 Bf5 16. Qd2 Re7 17. Ng3 Bxd3 18. Qxd3 g6 19. Nb2 Nd8 20. a4 c6 21. a5 Bc7 22. Na4 h5 23. Nc5 Qd6 24. Rfc1 h4 25. Nf1 f5 26. c4 h3 27. g3 f4 28. Nd2 fxg3 29. Qxg3 Qf6 30. Qg4+ Kb8 31. cxd5 Rh4 32. Nd7+ Rxd7 33. Qxd7 Qg5+ 34. Kf1 Qxd2 35. d6 Qd3+ 36. Kg1 Rg4+ 37. Qxg4 Bxd6 38. b5 cxb5 39. Rc8# 1-0

[Event "Heusenstamm Sparkassen op-A 5th"]
[Site "Heusenstamm"]
[Date "2018.11.25"]
[Round "7"]
[White "Burkhardt, Holger"]
[Black "Klundt, Klaus"]
[Result "1-0"]
[WhiteElo "2005"]
[BlackElo "2313"]
[PlyCount "79"]
[EventDate "2018.11.22"]
[EventType "swiss"]
[EventRounds "7"]
[EventCountry "GER"]
[SourceTitle "CBM 188 Extra"]
[Source "ChessBase"]
[SourceDate "2019.02.26"]
[SourceVersion "1"]
[SourceVersionDate "2019.02.26"]
[SourceQuality "1"]

1. d4 Nf6 2. Nc3 d5 3. Bf4 e6 4. Nb5 Na6 5. a3 c6 6. Nc3 Bd6 7. e3 b6 8. Nf3 Bxf4 9. exf4 0-0 10. Ne5 c5 11. Bd3 cxd4 12. Nb5 Nc5 13. Nxd4 Bb7 14. 0-0 Rc8 15. Re1 Qd6 16. Re3 Nxd3 17. Qxd3 Ne4 18. Rae1 Rfe8 19. f3 f6 20. Nb5 Qe7 21. Ng4 Nc5 22. Qe2 Ba6 23. c4 dxc4 24. Nc3 Rcd8 25. f5 e5 26. f4 Nd3 27. fxe5 fxe5 28. f6 gxf6 29. Rf1 Rf8 30. Ne4 Kh8 31. Nexf6 Qg7 32. Rh3 Rxf6 33. Nxf6 h6 34. Qe3 Nf4 35. Rxf4 exf4 36. Qxf4 Qf8 37. Rxh6+ Kg7 38. Nh5+ Kg8 39. Qg5+ Kf7 40. Qf6+ 1-0